000 00362nam a2200121Ia 4500
008 220217s9999||||xx |||||||||||||| ||und||
020 _a8123913648
100 _aRosata, Dominick V and Rosata, Donald V
_99353
245 0 _aInjection molding handbook
260 _aCBS publishers
_bNew Delhi
_c2000
300 _aXVII, 899p.
_b995
650 _aMaterial Science
999 _c185514
_d185514